[El quinteto de la muerte] = The Ladykillers /

El undécimo de los largometrajes realizados por los cineastas norteamericanos Joel y Ethan Coen es una nueva versión de El quinteto de la muerte (Alexander Mackendrick, 1955), adaptada por los propios hermanos, cuyo argumento gira en torno a las peripecias de un quintento de ladrones que se hacen pa...

Бүрэн тодорхойлолт

-д хадгалсан:
Номзүйн дэлгэрэнгүй
Үндсэн зохиолч: Coen, Joel (realización)
Бусад зохиолчид: Coen, Ethan (realización) (realización), Coen, Joel (guión) (guión), Coen, Ethan (guión) (guión), Deakins, Roger (fotógrafo) (fotógrafo), Coen, Ethan (montaje) (montaje), Coen, Joel (montaje) (montaje), Burwell, Carter (música) (música), Hanks, Tom (actuación) (actuación), Hall, Irma P. (actuación) (actuación), Wayans, Marlon (actuación) (actuación), Stone, Rose (ejecución musical) (ejecución musical), The Venice Four (ejecución musical) (ejecución musical), The Abbot Kinney Lighthouse Choir (ejecución musical) (ejecución musical), Stelzner, Neil (montaje) (montaje)
Формат: Гулсуулах
Хэл сонгох:англи
Хэвлэсэн: Los Angeles, EUA : Touchstone Pictures, 2004, c2004
Нөхцлүүд:
Шошгууд: Шошго нэмэх
Шошго байхгүй, Энэхүү баримтыг шошголох эхний хүн болох!

MARC

LEADER 00000ngm^a2200000^a^4500
001 000184319
005 20251020000000.0
009 20260310102112.388
020 |a 0-7888-5372-4 
037 |a Acervo ITESO - Biblioteca 
041 |a ING 
082 |a 810.  |b COE 
100 |a Coen, Joel  |e (realización) 
240 1 4 |a [El quinteto de la muerte. Adaptaciones] 
240 1 4 |a [El quinteto de la muerte] 
245 1 4 |a [El quinteto de la muerte] =  |b The Ladykillers /  |c Realización de J. Coen, E. Coen. 
246 2 |a Título de exhibición cinematográfica en México: El quinteto de la muerte 
246 2 |a Título en la cubierta: The Ladykillers 
264 4 |a Los Angeles, EUA :  |b Touchstone Pictures,  |c 2004, c2004 
264 2 |a México :  |b Buena Vista [distribución],  |c copyright fecha no identificada 
300 |a 1 DVD región 1  |c (104, 11, 6, 3, 2 min.) +  |e 1 lámina 
336 |a imagen móvil bidimensional  |b tdi  |2 rdacontenido 
337 |a video  |b v  |2 rdamedio 
338 |a videodisco  |b vd  |2 rdasoporte 
500 |a Basado en: El quinteto de la muerte, de William Rose 
520 |a El undécimo de los largometrajes realizados por los cineastas norteamericanos Joel y Ethan Coen es una nueva versión de El quinteto de la muerte (Alexander Mackendrick, 1955), adaptada por los propios hermanos, cuyo argumento gira en torno a las peripecias de un quintento de ladrones que se hacen pasar por músicos y la anciana propietaria de la pensión donde se alojan, quien frusta sucesiva e involuntariamente los planes delictivos de la banda. Los realizadores habían revisado anteriormente algunos de las tradiciones genéricas del cine norteamericano, pero este es su primer "remake" y reubican el argumento del Londres de la postguerra en el sureño Mississippi, con inclusión de la jerga regional correspondiente; redibujan los perfiles de los personajes, en especial el de la anfitriona, y sobre todo modifican el tono del original, considerado el título quintaesencial de la comedia británica de humor negro, a un terreno más festivo y en varios pasajes, escatológico. Es también la primera ocasión que los hermanos Coen comparten el crédito de dirección, luego que en sus películas anteriores Joel apareciera como realizador y Ethan como productor. 
520 |a Suplementos y características especiales (en inglés, sin subtítulos o traducción, a diferencia de la película): 1) Danny Ferrington: The Man behind the Band (11 min.), reportaje sobre el luthier Danny Ferrington, quien elaboró los instrumentos antiguos de la presunta banda musical; 2) Versiones completas de Let the Light from the Lighthouse Shine on Me (5 min. y medio) y Trouble of this World (3 min.), dos de las canciones incluidas en el filme, con interpretaciones de Rose Stone, The Venice Four y The Abbot Kinney Lighthouse Choir; 3) The Slap Reel (2 min.), un montaje de las secuencias de cachetadas que el personaje de la anciana Marva Munson propina a Gawain MacSam, uno de los integrantes de la banda, interpretados respectivamente por Irma P. Hall y Marlon Wayans; 4) The Ladykillers ScriptScanner, opción de acompañar la película con la lectura del guión de los hermanos Coen, y 5) Hoja con índice de escenas y lista de suplementos y características especiales. 
546 |a En inglés y vietnamita, con subtítulos opcionales: español, francés, inglés 
546 |a Doblaje opcional: francés 
649 |a XX 
650 |a Ladrones en el Cine 
650 |a Impostores e Impostura en el Cine 
650 |a Luthier 
650 |a Comedias de Humor Negro 
650 |a Comedias Cinematográficas 
650 |a Remake (Medios Audiovisuales) 
650 |a Cine Norteamericano -  |y 2000-2009 
650 |a Cine Norteamericano -  |y Siglo XXI 
650 |a Crimen Organizado 
650 |a Azar 
650 |a Mississippi, EUA en el Cine 
650 |a Ferrington, Danny 
740 0 |a Danny Ferrington :  |b The Man behind the Band / 
740 0 |a Let the Light from the Lighthouse Shine on Me /  |c Ejecución musical de R. Stone, The Venice Four, The Abbot Kinney Lighthouse Choir. 
740 0 |a Trouble of this World /  |c Ejecución musical de R. Stone, The Venice Four, The Abbot Kinney Lighthouse Choir. 
740 4 |a The Slap Reel [of The Ladykillers] /  |c Montaje de N. Stelzner. 
700 |a Coen, Ethan  |e (realización) 
700 |a Coen, Joel  |e (guión) 
700 |a Coen, Ethan  |e (guión) 
700 |a Deakins, Roger  |e (fotógrafo) 
700 |a Coen, Ethan  |e (montaje) 
700 |a Coen, Joel  |e (montaje) 
700 |a Burwell, Carter  |e (música) 
700 |a Hanks, Tom  |e (actuación) 
700 |a Hall, Irma P.  |e (actuación) 
700 |a Wayans, Marlon  |e (actuación) 
700 |a Stone, Rose  |e (ejecución musical) 
700 |a The Venice Four  |e (ejecución musical) 
700 |a The Abbot Kinney Lighthouse Choir  |e (ejecución musical) 
700 |a Stelzner, Neil  |e (montaje) 
910 |a Fondo General 
920 |a Audiovisuales - DVDs 
940 |a Películas 
905 |a 302 
901 |a 0500094059  |b IT2  |c DVS  |u 20250521 
901 |a 0500240301  |b IT2  |c MIN  |u 20251020 
902 |a https://opac.biblio.iteso.mx/vufind/Record/000184319